[Event "Qatar Masters"]
[Site "Doha QAT"]
[Date "2014.11.29"]
[EventDate "2014.11.26"]
[Round "4.14"]
[Result "1/2-1/2"]
[White "Kamil Miton"]
[Black "Ding Liren"]
[WhiteElo "2601"]
[BlackElo "2730"]
[PlyCount "88"]

1. e4 c6 2. d4 d5 3. Nc3 dxe4 4. Nxe4 Bf5 5. Ng3 Bg6 6. Nh3
Nf6 7. Nf4 Nbd7 8. Bc4 e6 9. O-O Bd6 10. Re1 Qc7 11. Qf3 O-O
12. Nxg6 hxg6 13. Bg5 c5 14. dxc5 Qxc5 15. Bxf6 Nxf6 16. Bb3
Qc7 17. Rad1 Rad8 18. Qe2 b6 19. c3 a5 20. a4 g5 21. Rd3 g6
22. Red1 Kg7 23. Nf1 Bc5 24. Rxd8 Rxd8 25. Rxd8 Qxd8 26. Nd2
Qd6 27. g3 Nd7 28. Ne4 Qe5 29. Bc4 Nf6 30. Nxf6 Qxf6 31. h3 e5
32. Bd5 Qd6 33. Qc4 f5 34. Kg2 e4 35. b4 axb4 36. cxb4 Bxb4
37. Qc6 Kf6 38. Qxd6+ Bxd6 39. Bc6 Ke5 40. Be8 Kf6 41. Bc6 Bc5
42. Kf1 Ke5 43. Be8 f4 44. gxf4+ Kxf4 1/2-1/2

[Event "Qatar Masters"]
[Site "Doha QAT"]
[Date "2014.11.30"]
[EventDate "2014.11.26"]
[Round "5.17"]
[Result "1-0"]
[White "Ding Liren"]
[Black "Surya Shekhar Ganguly"]
[WhiteElo "2730"]
[BlackElo "2615"]
[PlyCount "95"]

1. c4 Nf6 2. d4 g6 3. g3 c6 4. Bg2 d5 5. e3 Bg7 6. Ne2 dxc4
7. Na3 O-O 8. Nxc4 Nbd7 9. O-O Nb6 10. b3 c5 11. Ba3 cxd4
12. Nxd4 Nxc4 13. bxc4 Qc7 14. Rc1 a6 15. c5 Rd8 16. c6 b5
17. Bxe7 Qxe7 18. c7 Rd5 19. Nc6 Qxc7 20. Bxd5 Nxd5 21. Qxd5
Bb7 22. Rfd1 Rc8 23. Ne7+ Qxe7 24. Rxc8+ Bxc8 25. Qd8+ Qf8
26. Qb6 Be6 27. Rd8 Bxa2 28. Rxf8+ Bxf8 29. Qxa6 Bc4 30. e4
Bd3 31. f3 h5 32. Kg2 Kg7 33. e5 Bc4 34. Qc6 Kg8 35. f4 Be7
36. Kf3 Bf8 37. Ke3 Be7 38. Kd4 Bf8 39. Qd7 Ba3 40. f5 gxf5
41. Qxf5 Be6 42. Qg5+ Kf8 43. Qxh5 b4 44. Qh8+ Ke7 45. Qb8
Bb2+ 46. Kc5 b3 47. Qd6+ Ke8 48. Kb6 1-0

[Event "Qatar Masters"]
[Site "Doha QAT"]
[Date "2014.12.01"]
[EventDate "2014.11.26"]
[Round "6.8"]
[Result "1/2-1/2"]
[White "Evgeny Romanov"]
[Black "Ding Liren"]
[WhiteElo "2636"]
[BlackElo "2730"]
[PlyCount "102"]

1. d4 Nf6 2. Nf3 g6 3. Bg5 Bg7 4. Nbd2 O-O 5. c3 d6 6. e4 c5
7. dxc5 dxc5 8. Be2 Nc6 9. O-O Qc7 10. Re1 Rd8 11. Qc2 b6
12. Nc4 h6 13. Bh4 Nh5 14. Ne3 g5 15. Bg3 Nxg3 16. hxg3 e6
17. Rad1 Bb7 18. a4 Rxd1 19. Rxd1 Rd8 20. Rxd8+ Qxd8 21. Nd2
Ne5 22. Ndc4 Nxc4 23. Nxc4 Bc6 24. Na3 Be5 25. Bb5 Bb7 26. Qe2
Kg7 27. Bd3 Bb8 28. g4 Qd6 29. g3 Qc6 30. Qd1 Qd7 31. Qc2 f5
32. Qe2 Qc6 33. Kf1 fxe4 34. Bb5 Qd5 35. Bc4 Qd7 36. Bb5 Qf7
37. Ke1 Qf3 38. Qxf3 exf3 39. Kd2 e5 40. Bd7 e4 41. Ke3 Bd5
42. Bf5 Bb3 43. a5 bxa5 44. Bxe4 Kf6 45. Bxf3 Ke6 46. Kd3 Bc7
47. Nb5 Bb6 48. c4 Bd8 49. Nc3 Bf6 50. Bd1 Bxc3 51. Bxb3 Bxb2
1/2-1/2

[Event "Qatar Masters"]
[Site "Doha QAT"]
[Date "2014.12.02"]
[EventDate "2014.11.26"]
[Round "7.9"]
[Result "1/2-1/2"]
[White "Ding Liren"]
[Black "Abhijeet Gupta"]
[WhiteElo "2730"]
[BlackElo "2632"]
[PlyCount "67"]

1. d4 Nf6 2. c4 g6 3. f3 d5 4. cxd5 Nxd5 5. e4 Nb6 6. Nc3 Bg7
7. Be3 O-O 8. Qd2 e5 9. d5 c6 10. h4 cxd5 11. exd5 h5 12. g4
Na6 13. Bh6 Bxh6 14. Qxh6 Nb4 15. Rd1 N6xd5 16. Nxd5 Nxd5
17. gxh5 Qa5+ 18. Rd2 Nf4 19. hxg6 fxg6 20. Bc4+ Be6 21. Bxe6+
Nxe6 22. Qxg6+ Ng7 23. Ne2 Rad8 24. Nc3 Rxd2 25. Kxd2 Rxf3
26. Rg1 Qd8+ 27. Ke2 Rf7 28. Rg4 Qd7 29. Qe4 Kf8 30. Qb4+ Kg8
31. Qe4 Kf8 32. Rg5 Ne6 33. Qb4+ Re7 34. Rg3 1/2-1/2

[Event "Qatar Masters"]
[Site "Doha QAT"]
[Date "2014.12.03"]
[EventDate "2014.11.26"]
[Round "8.11"]
[Result "0-1"]
[White "Daniil Dubov"]
[Black "Ding Liren"]
[WhiteElo "2629"]
[BlackElo "2730"]
[PlyCount "118"]

1. Nf3 Nf6 2. g3 g6 3. b3 Bg7 4. Bb2 O-O 5. Bg2 d6 6. d4 c5
7. c4 Qa5+ 8. Bc3 Qc7 9. Nbd2 Re8 10. d5 e6 11. dxe6 Bxe6
12. O-O Nc6 13. Qc1 d5 14. cxd5 Bxd5 15. Re1 Rad8 16. Qb2 Qe7
17. Rac1 b5 18. Qa1 a6 19. Bb2 Nh5 20. Bxg7 Nxg7 21. Qc3 Nd4
22. Nxd4 cxd4 23. Qc5 Qe6 24. e4 Ba8 25. Bf1 Qf6 26. Bd3 Ne6
27. Qa7 Qg5 28. Nf3 Qh5 29. Nd2 Qg5 30. Nf3 Qh5 31. Nd2 Ng5
32. h4 Nf3+ 33. Nxf3 Qxf3 34. Rcd1 Rxe4 35. Bxe4 Bxe4 36. Rxe4
Qxe4 37. Qb6 Qd5 38. Qxa6 Qf3 39. Rf1 d3 40. Qa5 Ra8 41. Qxb5
d2 42. Qd7 Qe2 43. h5 gxh5 44. Qd5 Ra6 45. Qg5+ Kh8 46. Qd8+
Kg7 47. Qd4+ Kg6 48. f4 h6 49. f5+ Kh7 50. Qd5 Rf6 51. Qd7 h4
52. gxh4 Qg4+ 53. Kh2 Qxh4+ 54. Kg2 Qg4+ 55. Kh2 Qe2+ 56. Kg1
h5 57. Qd5 h4 58. Qd4 h3 59. Qh4+ Rh6 0-1

[Event "Qatar Masters"]
[Site "Doha QAT"]
[Date "2014.12.04"]
[EventDate "2014.11.26"]
[Round "9.4"]
[Result "1/2-1/2"]
[White "Ding Liren"]
[Black "Baskaran Adhiban"]
[WhiteElo "2730"]
[BlackElo "2630"]
[PlyCount "97"]

1. d4 d5 2. c4 e6 3. Nc3 c6 4. e4 dxe4 5. Nxe4 Bb4+ 6. Nc3 c5
7. a3 Ba5 8. Ne2 cxd4 9. Qxd4 Nf6 10. Qxd8+ Bxd8 11. h3 O-O
12. Be3 e5 13. g4 Be6 14. Bg2 Nc6 15. b3 h5 16. g5 Nd7
17. O-O-O Bb6 18. Bxb6 axb6 19. Kb2 Na5 20. Nd5 Nc5 21. Nc1
Ncxb3 22. Nxb3 Nxc4+ 23. Kc3 Nxa3 24. Ne7+ Kh7 25. Bd5 Rae8
26. Be4+ g6 27. Kb4 Rxe7 28. Kxa3 f6 29. gxf6 Rxf6 30. f3 Bf5
31. Rd3 Kh6 32. Nd2 Ree6 33. Rc3 Rd6 34. Rh2 b5 35. h4 Rd4
36. Kb2 Rfd6 37. Kc1 Ra4 38. Rc5 Bxe4 39. Nxe4 Ra1+ 40. Kb2
Rda6 41. Rh3 R6a2+ 42. Kb3 Ra3+ 43. Kb4 Re3 44. Ng5 b6
45. Rxb5 Rd1 46. Ka4 Ra1+ 47. Kb4 Rd1 48. Ka4 Ra1+ 49. Kb4
1/2-1/2

[Event "Tata Steel"]
[Site "Wijk aan Zee NED"]
[Date "2015.01.10"]
[EventDate "2015.01.09"]
[Round "1"]
[Result "0-1"]
[White "Ding Liren"]
[Black "Fabiano Caruana"]
[WhiteElo "2732"]
[BlackElo "2820"]
[PlyCount "80"]

1. d4 Nf6 2. c4 g6 3. g3 c6 4. Bg2 d5 5. Nf3 Bg7 6. O-O O-O
7. b3 dxc4 8. bxc4 c5 9. Bb2 Qb6 10. Qc1 cxd4 11. Nxd4 Nc6
12. Nxc6 bxc6 13. Nd2 Bf5 14. Nb3 Rac8 15. e4 Be6 16. e5 Nd7
17. Re1 c5 18. Nd2 Qa6 19. Re3 Rb8 20. Ra3 Qb6 21. Rb3 Qc7
22. f4 Nb6 23. Rb1 Rbd8 24. Bc3 Qd7 25. Bf1 Bf5 26. Ra1 f6
27. exf6 exf6 28. Rb5 Na4 29. Nb3 Nxc3 30. Qxc3 Be4 31. f5
Qxf5 32. Re1 Rfe8 33. Rxc5 Qd7 34. Qc1 f5 35. Qf4 Re7 36. h4
a5 37. Rxa5 Bc3 38. Rd5 Qa7+ 39. Kh2 Rxd5 40. cxd5 Bxe1 0-1

[Event "Tata Steel"]
[Site "Wijk aan Zee NED"]
[Date "2015.01.11"]
[EventDate "2015.01.09"]
[Round "2"]
[Result "0-1"]
[White "Yifan Hou"]
[Black "Ding Liren"]
[WhiteElo "2673"]
[BlackElo "2732"]
[PlyCount "116"]

1. e4 c6 2. d4 d5 3. exd5 cxd5 4. c4 Nf6 5. Nc3 Nc6 6. Bg5 Be6
7. Nge2 dxc4 8. Nf4 Nxd4 9. Nxe6 Nxe6 10. Bxc4 Qxd1+ 11. Rxd1
a6 12. Bxe6 fxe6 13. O-O h6 14. Bc1 g5 15. f4 g4 16. Na4 Rc8
17. b4 Kf7 18. Nc5 b6 19. Nd3 Nd7 20. Be3 b5 21. Ne5+ Nxe5
22. fxe5+ Kg6 23. Rd7 Bg7 24. Rxe7 Rhe8 25. Ra7 Rc6 26. Rc1
Rec8 27. Rxc6 Rxc6 28. Bd4 h5 29. a3 Bh6 30. Bc5 Bf4 31. h3
gxh3 32. gxh3 Bxe5 33. Rd7 Bb2 34. Rd3 e5 35. Kf2 e4 36. Rb3
Bc1 37. Rc3 Bb2 38. Rb3 Bc1 39. Rc3 Bg5 40. Ke2 Kf5 41. a4 Be7
42. axb5 axb5 43. Ke3 Bxc5+ 44. bxc5 Ke5 45. Rc1 Kd5 46. Rd1+
Kxc5 47. Kxe4 Re6+ 48. Kf4 b4 49. Rc1+ Kb5 50. Rb1 Rg6 51. Re1
b3 52. Re5+ Kb4 53. Re8 b2 54. Rb8+ Kc3 55. Rc8+ Kb3 56. Rb8+
Kc2 57. Rc8+ Kb1 58. Rh8 Rb6 0-1

[Event "Tata Steel"]
[Site "Wijk aan Zee NED"]
[Date "2015.01.12"]
[EventDate "2015.01.09"]
[Round "3"]
[Result "1-0"]
[White "Ding Liren"]
[Black "Baadur Jobava"]
[WhiteElo "2732"]
[BlackElo "2727"]
[PlyCount "43"]

1. d4 d6 2. Nf3 Nf6 3. c4 Bf5 4. Nc3 h6 5. g3 Nbd7 6. Bg2 c6
7. d5 c5 8. O-O g5 9. h4 g4 10. Ne1 Bg7 11. e4 Bh7 12. Nd3 a6
13. a4 Qc7 14. Be3 O-O-O 15. Rb1 e6 16. b4 exd5 17. bxc5 dxc4
18. e5 Nxe5 19. Rxb7 Qa5 20. Nxe5 dxe5 21. Qa1 Rd3 22. Qb2 1-0

[Event "Tata Steel"]
[Site "Wijk aan Zee NED"]
[Date "2015.01.13"]
[EventDate "2015.01.09"]
[Round "4"]
[Result "0-1"]
[White "Teimour Radjabov"]
[Black "Ding Liren"]
[WhiteElo "2734"]
[BlackElo "2732"]
[PlyCount "80"]

1. d4 Nf6 2. c4 g6 3. Nc3 Bg7 4. e4 d6 5. Nf3 O-O 6. h3 e5
7. d5 Nh5 8. g3 f5 9. exf5 gxf5 10. Ng5 Qe8 11. Be2 Nf6
12. Be3 Na6 13. Qd2 Bd7 14. O-O-O h6 15. Nf3 Nc5 16. Nh4 Nce4
17. Nxe4 Nxe4 18. Qc2 Ng5 19. Bd3 e4 20. Be2 Rc8 21. Kb1 c5
22. dxc6 Rxc6 23. Qd2 Be6 24. Bxg5 hxg5 25. Qxg5 Ra6 26. Rd2
b5 27. Rc1 Qf7 28. Ng6 Bf6 29. Qh6 Rb8 30. Nf4 Bxc4 31. Rxc4
bxc4 32. Nd5 Bg7 33. Qg5 c3 34. Bc4 cxd2 35. Nf6+ Kf8 36. Nh7+
Ke8 37. Bxf7+ Kxf7 38. Qxf5+ Kg8 39. Kc2 Rxb2+ 40. Kd1 Rb1+
0-1

[Event "Tata Steel"]
[Site "Wijk aan Zee NED"]
[Date "2015.01.16"]
[EventDate "2015.01.09"]
[Round "6"]
[Result "1-0"]
[White "Maxime Vachier-Lagrave"]
[Black "Ding Liren"]
[WhiteElo "2757"]
[BlackElo "2732"]
[PlyCount "89"]

1. e4 c6 2. d4 d5 3. e5 Bf5 4. Nf3 e6 5. Be2 Ne7 6. O-O c5
7. c4 Nbc6 8. dxc5 d4 9. Qb3 Qd7 10. Rd1 Ng6 11. Nc3 f6
12. exf6 gxf6 13. Nd5 Kf7 14. g4 Bxg4 15. Ng5+ fxg5 16. Bxg4
Nce5 17. Bxg5 Bxc5 18. Nf6 Qc6 19. Bh5 Kg7 20. Qg3 Raf8
21. Re1 Rxf6 22. Rxe5 Rf7 23. Bxg6 hxg6 24. Bf4 Be7 25. Re2
Qxc4 26. Rae1 d3 27. Re4 Qd5 28. Rxe6 Bf6 29. Rd6 Qf5 30. Re5
Qh3 31. Ree6 Qxg3+ 32. hxg3 Rh5 33. b3 Ra5 34. a4 g5 35. Be3
b6 36. Rxd3 Rc7 37. Kg2 Be7 38. Kf3 Kf7 39. Re4 Bf6 40. Kg4
Re7 41. Rxe7+ Bxe7 42. Bd2 Re5 43. Rd7 Kg6 44. Rxa7 Bc5 45. f4
1-0

[Event "Tata Steel"]
[Site "Wijk aan Zee NED"]
[Date "2015.01.17"]
[EventDate "2015.01.09"]
[Round "7"]
[Result "1-0"]
[White "Ding Liren"]
[Black "Loek van Wely"]
[WhiteElo "2732"]
[BlackElo "2667"]
[PlyCount "157"]

1. c4 c5 2. Nf3 Nf6 3. Nc3 Nc6 4. g3 d5 5. cxd5 Nxd5 6. Bg2
Nc7 7. O-O e5 8. a3 Be7 9. b4 O-O 10. Rb1 cxb4 11. axb4 b5
12. Bb2 Bf5 13. Rc1 Rc8 14. d3 Qd7 15. Nb1 Na6 16. Bxe5 Naxb4
17. Bb2 Rfd8 18. Nc3 a6 19. Ra1 Bh3 20. Bxh3 Qxh3 21. Qd2 Qf5
22. Kg2 a5 23. Ne4 Nd5 24. Rfc1 a4 25. Kg1 h6 26. h4 Bb4
27. Qd1 Bf8 28. Rcb1 Nb6 29. Bc1 Nc4 30. Nc3 Bb4 31. Na2 Be7
32. Nc3 Bb4 33. Na2 Be7 34. Nc3 Nb4 35. Kg2 Na5 36. Bd2 Nb3
37. Rxb3 axb3 38. Rb1 Nc6 39. e4 Qh5 40. Nd5 Rxd5 41. exd5
Qxd5 42. Qxb3 Qxb3 43. Rxb3 b4 44. Kf1 f6 45. Rb1 Kf7 46. Ra1
Rb8 47. Be3 b3 48. Nd2 b2 49. Rb1 f5 50. Nc4 Bf6 51. Bc5 Bc3
52. Ke2 Nb4 53. d4 Ke6 54. Bxb4 Bxb4 55. Rxb2 g5 56. h5 g4
57. Kd3 Bd6 58. Re2+ Kd7 59. Ne3 Rf8 60. Ra2 f4 61. Nxg4 fxg3
62. fxg3 Bxg3 63. Nxh6 Rf4 64. Rg2 Bf2 65. Rg4 Rf3+ 66. Ke2
Rf8 67. Re4 Kd6 68. Ng4 Bg1 69. Kd3 Rf3+ 70. Kc4 Ra3 71. h6
Ra4+ 72. Kc3 Ra3+ 73. Kb4 Rh3 74. Kc4 Rh4 75. d5 Be3 76. Nf6
Rh3 77. Re6+ Kc7 78. d6+ Kb7 79. d7 1-0

[Event "Tata Steel"]
[Site "Wijk aan Zee NED"]
[Date "2015.01.21"]
[EventDate "2015.01.09"]
[Round "10"]
[Result "1/2-1/2"]
[White "Ding Liren"]
[Black "Wesley So"]
[WhiteElo "2732"]
[BlackElo "2762"]
[PlyCount "48"]

1. d4 d5 2. c4 e6 3. Nc3 Be7 4. cxd5 exd5 5. Bf4 c6 6. e3 Bf5
7. g4 Be6 8. h4 Bxh4 9. Qb3 g5 10. Be5 f6 11. Bh2 Bxg4
12. Qxb7 Qe7 13. Qxa8 Qxe3+ 14. Be2 Bxf2+ 15. Kf1 Bh4
16. Qxb8+ Kf7 17. Nd1 Bxe2+ 18. Nxe2 Qf3+ 19. Kg1 Qxe2 20. Bg3
Qg4 21. Kg2 Qe4+ 22. Kg1 Qg4 23. Kg2 Qe4+ 24. Kg1 Qg4 1/2-1/2

[Event "Tata Steel"]
[Site "Wijk aan Zee NED"]
[Date "2015.01.23"]
[EventDate "2015.01.10"]
[Round "11.5"]
[Result "0-1"]
[White "Radoslaw Wojtaszek"]
[Black "Ding Liren"]
[WhiteElo "2744"]
[BlackElo "2732"]
[PlyCount "130"]

1. d4 Nf6 2. c4 g6 3. Nc3 Bg7 4. e4 d6 5. Nf3 O-O 6. Be2 Na6
7. O-O e5 8. Be3 c6 9. d5 Ng4 10. Bg5 f6 11. Bh4 c5 12. Ne1 h5
13. a3 Nh6 14. h3 Nf7 15. Nd3 Bh6 16. b4 Bd7 17. Rb1 b6
18. bxc5 Nxc5 19. Nxc5 dxc5 20. a4 Nd6 21. Qd3 Kg7 22. Rb2 Bg5
23. Bg3 h4 24. Bh2 Qe8 25. Ra1 Nb7 26. Kh1 Qe7 27. Qc2 Bf4
28. Bg1 f5 29. Bd3 Rf6 30. d6 Rxd6 31. Nd5 Qf7 32. Qc3 Kh7
33. Re1 Re8 34. Rbe2 fxe4 35. Bxe4 Nd8 36. Nxf4 exf4 37. Bd5
Ne6 38. Bh2 Qg7 39. Re5 g5 40. Qf3 Kh6 41. Bxf4 Rf8 42. Rxe6+
Rxe6 43. Bxg5+ Kxg5 44. Qg4+ Kf6 45. Rxe6+ Bxe6 46. Qxe6+ Kg5
47. Qg4+ Kf6 48. Qe6+ Kg5 49. Qg4+ Kf6 50. Qxh4+ Qg5 51. Qe4
Qe5 52. Qh4+ Qg5 53. Qe4 Qe5 54. Qc2 Qe1+ 55. Kh2 Kg7 56. f3
Re8 57. Qf5 Qe5+ 58. Qxe5+ Rxe5 59. Be4 Re6 60. Kg3 Rd6
61. Bd5 a5 62. Bb7 b5 63. cxb5 c4 64. Be4 c3 65. Kf4 Rd2 0-1

[Event "Tata Steel"]
[Site "Wijk aan Zee NED"]
[Date "2015.01.25"]
[EventDate "2015.01.09"]
[Round "13"]
[Result "0-1"]
[White "Levon Aronian"]
[Black "Ding Liren"]
[WhiteElo "2797"]
[BlackElo "2732"]
[PlyCount "110"]

1. c4 g6 2. d4 Nf6 3. Nc3 Bg7 4. e4 d6 5. Nf3 O-O 6. h3 e5
7. d5 Nh5 8. g3 f5 9. exf5 gxf5 10. Ng5 Qe8 11. c5 Nf6 12. Bb5
Qe7 13. g4 Na6 14. Ne6 Bxe6 15. dxe6 Nxc5 16. g5 Ne8 17. Nd5
Qxe6 18. b4 Ne4 19. Bxe8 Qxe8 20. f3 Ng3 21. Rg1 f4 22. Nxc7
Qe7 23. Qb3+ Kh8 24. Ne6 Rfe8 25. Nxg7 Kxg7 26. Bb2 Qxg5
27. Rd1 Rad8 28. Rd5 Qf5 29. Kd2 Qxh3 30. Kc1 Qf5 31. Bc3 h5
32. Kb2 h4 33. Qd1 h3 34. Qd2 Kf7 35. Re1 Qf6 36. Qc2 Nf5
37. Rd2 Rg8 38. Qe4 b6 39. Rh1 Rh8 40. Qb7+ Qe7 41. Qa6 Ng3
42. Rhh2 Rd7 43. Rc2 Rc7 44. Qd3 Qe6 45. Ka3 Nf5 46. Bd2 Rxc2
47. Qxc2 Nd4 48. Qd3 Qd5 49. Kb2 b5 50. Bc3 Qxf3 51. Qb1 Qg3
52. Rd2 h2 53. Bxd4 h1=Q 54. Qf5+ Ke7 55. Qc2 Qd5 0-1

[Event "India-China Summit Match"]
[Site "Hyderabad IND"]
[Date "2015.03.02"]
[EventDate "2015.03.02"]
[Round "1.1"]
[Result "1-0"]
[White "Ding Liren"]
[Black "Baskaran Adhiban"]
[WhiteElo "2755"]
[BlackElo "2646"]
[PlyCount "57"]

1. d4 Nf6 2. c4 g6 3. g3 c6 4. Bg2 d5 5. Nf3 Bg7 6. Qb3 O-O
7. O-O Qb6 8. Nc3 Rd8 9. Na4 Qa6 10. cxd5 Qxe2 11. dxc6 Nxc6
12. Re1 Qa6 13. Bd2 Nxd4 14. Nxd4 Rxd4 15. Nc5 Qb6 16. Bc3 Rd8
17. Rxe7 Qxb3 18. axb3 Nd5 19. Rd1 Bxc3 20. bxc3 Be6 21. Rxe6
fxe6 22. Nxe6 Rd6 23. Bxd5 Kh8 24. c4 Re8 25. Nd4 Rd7 26. Kg2
Kg7 27. Ra1 a6 28. Ne6+ Kf6 29. Nc5 1-0

[Event "India-China Summit Match"]
[Site "Hyderabad IND"]
[Date "2015.03.03"]
[EventDate "2015.03.02"]
[Round "2.1"]
[Result "1/2-1/2"]
[White "Baskaran Adhiban"]
[Black "Ding Liren"]
[WhiteElo "2646"]
[BlackElo "2755"]
[PlyCount "140"]

1. d4 d5 2. c4 c6 3. Nc3 Nf6 4. Nf3 e6 5. Bg5 Nbd7 6. e3 Qa5
7. cxd5 Nxd5 8. Qb3 Bb4 9. Rc1 e5 10. Bc4 exd4 11. Bxd5 cxd5
12. exd4 O-O 13. O-O Nb6 14. a3 Bxc3 15. Rxc3 Nc4 16. Ne5 Bf5
17. Qxb7 Nxe5 18. b4 Qb6 19. Qxb6 axb6 20. dxe5 d4 21. Rc6
Rxa3 22. Rxb6 h6 23. Bc1 Rb3 24. Rd6 Rxb4 25. Ba3 Rc4 26. Bb2
d3 27. Rd4 Rfc8 28. Rxc4 Rxc4 29. Rd1 h5 30. Rd2 Kf8 31. f3
Ke7 32. Kf2 Ke6 33. Ke3 g5 34. g3 Kd5 35. h3 h4 36. g4 Bg6
37. Rf2 Rb4 38. Rd2 Kc4 39. e6 Rb6 40. e7 Re6+ 41. Kf2 f6
42. Ba1 Be8 43. Bb2 Bc6 44. Kg1 Re1+ 45. Kg2 f5 46. Kf2 Rxe7
47. gxf5 Rb7 48. f6 Bd5 49. Ke3 Be6 50. Rh2 Bxh3 51. f7 Rxf7
52. Rxh3 Re7+ 53. Kd2 Re2+ 54. Kc1 Rc2+ 55. Kb1 Rg2 56. Kc1
d2+ 57. Kc2 d1=Q+ 58. Kxd1 Rxb2 59. f4 Rb3 60. Rh2 Ra3 61. Kc1
g4 62. Rxh4 g3 63. Rg4 Kd4 64. f5+ Ke5 65. Kd2 Kxf5 66. Rg8
Kf4 67. Ke2 Ra1 68. Rg7 Rh1 69. Rg8 Rg1 70. Rg7 Ra1 1/2-1/2

[Event "India-China Summit Match"]
[Site "Hyderabad IND"]
[Date "2015.03.04"]
[EventDate "2015.03.02"]
[Round "3.4"]
[Result "0-1"]
[White "Ding Liren"]
[Black "Babu M R Lalith"]
[WhiteElo "2755"]
[BlackElo "2556"]
[PlyCount "169"]

1. d4 Nf6 2. c4 e6 3. Nf3 b6 4. g3 Bb7 5. Bg2 Bb4+ 6. Bd2 c5
7. Bxb4 cxb4 8. O-O O-O 9. Qd3 d6 10. Nbd2 Qc7 11. e4 e5
12. Ne1 Nc6 13. Nc2 a5 14. Rfe1 Rfe8 15. Rad1 Rad8 16. Nf1
exd4 17. Nxd4 Ne5 18. Qb1 Nxc4 19. Rc1 b5 20. Nxb5 Qb6
21. Rxc4 Qxb5 22. Rd4 Rd7 23. Nd2 Qb6 24. Rd3 Ba6 25. Rde3
Rde7 26. h3 g6 27. Kh2 d5 28. exd5 Rxe3 29. fxe3 Rxe3 30. Qc1
Rd3 31. Ne4 Nxe4 32. Rxe4 Qf2 33. Qf4 Qxf4 34. Re8+ Kg7
35. gxf4 Bc4 36. a4 Rd2 37. Kg3 Bxd5 38. Bxd5 Rxd5 39. Ra8 h5
40. Ra6 Rd3+ 41. Kg2 h4 42. Rxa5 Rg3+ 43. Kh2 Rb3 44. Rb5
Rxb2+ 45. Kg1 Kf6 46. a5 Ra2 47. Kf1 Ke7 48. Rb7+ Ke6 49. Rb5
Kf6 50. Kg1 b3 51. Rxb3 Kf5 52. Rb4 Rxa5 53. Kf2 Ra2+ 54. Kf3
Ra3+ 55. Kg2 Rg3+ 56. Kh2 Rf3 57. Kg2 Rxf4 58. Rb5+ Kf6
59. Rb6+ Kg5 60. Rb5+ f5 61. Rb2 Ra4 62. Rc2 Kh5 63. Rf2 Ra5
64. Rb2 g5 65. Rb8 Ra6 66. Rf8 Kg6 67. Rg8+ Kf6 68. Kf2 Ra2+
69. Kg1 Rd2 70. Kh1 Rd4 71. Kg2 g4 72. Rf8+ Kg5 73. Rg8+ Kf4
74. hxg4 fxg4 75. Rf8+ Kg5 76. Rg8+ Kf6 77. Rf8+ Kg7 78. Ra8
Rd2+ 79. Kg1 Kf6 80. Ra4 Kf5 81. Ra5+ Ke4 82. Ra4+ Rd4 83. Ra2
Kf4 84. Kg2 h3+ 85. Kh2 0-1

[Event "India-China Summit Match"]
[Site "Hyderabad IND"]
[Date "2015.03.05"]
[EventDate "2015.03.02"]
[Round "4.2"]
[Result "0-1"]
[White "Babu M R Lalith"]
[Black "Ding Liren"]
[WhiteElo "2556"]
[BlackElo "2755"]
[PlyCount "70"]

1. d4 Nf6 2. c4 e6 3. Nf3 d5 4. Nc3 c6 5. g3 Nbd7 6. Bg2 dxc4
7. O-O b5 8. e4 Bb7 9. e5 Nd5 10. Ng5 h6 11. Nxe6 fxe6
12. Qh5+ Ke7 13. Ne4 Qe8 14. Bg5+ hxg5 15. Qxh8 Kd8 16. Qg8
Qg6 17. Nc5 Kc7 18. Qxe6 Qe8 19. Bxd5 Nxc5 20. Qxe8 Rxe8
21. Bf7 Re7 22. Bg8 Nd3 23. b3 c5 24. bxc4 cxd4 25. f4 gxf4
26. gxf4 g6 27. Rad1 Rg7 28. Bd5 bxc4 29. Bxc4 Nb2 30. Rc1 Kd8
31. Rf2 Nxc4 32. Rxc4 d3 33. Rd2 Rd7 34. Kf2 Bd5 35. Rc1 Ba3
0-1

[Event "India-China Summit Match"]
[Site "Hyderabad IND"]
[Date "2015.03.07"]
[EventDate "2015.03.02"]
[Round "5.3"]
[Result "1-0"]
[White "Ding Liren"]
[Black "Krishnan Sasikiran"]
[WhiteElo "2755"]
[BlackElo "2682"]
[PlyCount "91"]

1. e4 e5 2. Nf3 Nc6 3. Bb5 Nf6 4. d3 d6 5. O-O Bd7 6. c3 g6
7. Re1 Bg7 8. Bg5 O-O 9. Nbd2 Qe8 10. Nf1 Nh5 11. Ne3 f6
12. Bh4 Kh8 13. a4 a6 14. Bc4 Nd8 15. d4 Ne6 16. Nd5 Rc8
17. a5 Nef4 18. Nd2 Nxd5 19. Bxd5 Rb8 20. Bb3 Be6 21. Nf1 Bxb3
22. Qxb3 f5 23. dxe5 Qxe5 24. exf5 Qxf5 25. Ne3 Qd7 26. Nd5 c6
27. Re7 Qg4 28. Ra4 Qf5 29. Ne3 Qb1+ 30. Qd1 Qxb2 31. Nc4 Qxc3
32. Nxd6 Qc5 33. h3 Bf6 34. Rc4 Qa3 35. Bxf6+ Rxf6 36. Nf7+
Kg7 37. Qd7 Kf8 38. Rce4 Qa2 39. Re8+ Rxe8 40. Rxe8+ Kg7
41. Ne5+ Kh6 42. Ng4+ Kg5 43. Re5+ Kh4 44. g3+ Nxg3 45. fxg3+
Kxg3 46. Re3+ 1-0

[Event "India-China Summit Match"]
[Site "Hyderabad IND"]
[Date "2015.03.08"]
[EventDate "2015.03.02"]
[Round "6.2"]
[Result "1/2-1/2"]
[White "Krishnan Sasikiran"]
[Black "Ding Liren"]
[WhiteElo "2682"]
[BlackElo "2755"]
[PlyCount "115"]

1. d4 Nf6 2. c4 g6 3. g3 c5 4. d5 b5 5. cxb5 a6 6. bxa6 Bg7
7. Nc3 d6 8. Nf3 O-O 9. Bg2 Nxa6 10. O-O Bf5 11. Nh4 Bc8
12. Rb1 Qa5 13. Bd2 Nc7 14. a3 Qb6 15. h3 Nb5 16. Nxb5 Qxb5
17. Bc3 Ba6 18. Re1 Rfb8 19. b3 Nd7 20. Bxg7 Kxg7 21. Qc1 Bc8
22. Nf3 Qa5 23. Qe3 Kf8 24. Ra1 Nf6 25. Nd2 Ba6 26. Rec1 Bb5
27. Rc3 Kg7 28. Rc2 Rb7 29. g4 h6 30. f4 Qd8 31. Bf3 Rba7
32. Qc3 Kh7 33. a4 Ba6 34. e4 Rb8 35. h4 Rb4 36. g5 Nd7
37. Kf2 Rd4 38. Be2 Bxe2 39. Kxe2 h5 40. Re1 Rb7 41. Ra2 Nb8
42. Kf2 Qd7 43. f5 Na6 44. Nf3 Rdb4 45. Ra3 c4 46. bxc4 Nc5
47. Nd4 Rxa4 48. fxg6+ fxg6 49. Ne6 Nxe6 50. dxe6 Qe8 51. Rxa4
Qxa4 52. Ra1 Qe8 53. Rf1 Qc8 54. Ke3 Qxe6 55. Rf8 Qh3+ 56. Rf3
Qe6 57. Rf8 Qh3+ 58. Rf3 1/2-1/2

[Event "India-China Summit Match"]
[Site "Hyderabad IND"]
[Date "2015.03.09"]
[EventDate "2015.02.28"]
[Round "7.4"]
[Result "0-1"]
[White "Ding Liren"]
[Black "Sethuraman P Sethuraman"]
[WhiteElo "2755"]
[BlackElo "2623"]
[PlyCount "46"]

1. d4 Nf6 2. c4 g6 3. g3 c6 4. Bg2 d5 5. e3 dxc4 6. Ne2 Nbd7
7. O-O Bg7 8. Qc2 Nb6 9. e4 e5 10. dxe5 Ng4 11. Rd1 Qe7 12. f4
f6 13. exf6 Bxf6 14. e5 Bf5 15. Qc3 Qc5+ 16. Nd4 Be7 17. Na3
O-O-O 18. h3 Bd3 19. hxg4 Na4 20. Qe1 Qxd4+ 21. Be3 Qxb2
22. Qa5 Qxa3 23. Bxc6 Bc5 0-1

[Event "India-China Summit Match"]
[Site "Hyderabad IND"]
[Date "2015.03.10"]
[EventDate "2015.02.28"]
[Round "8.4"]
[Result "0-1"]
[White "Sethuraman P Sethuraman"]
[Black "Ding Liren"]
[WhiteElo "2623"]
[BlackElo "2755"]
[PlyCount "148"]

1. e4 e5 2. Nf3 Nc6 3. Bb5 a6 4. Ba4 Nf6 5. O-O Be7 6. Re1 b5
7. Bb3 d6 8. c3 O-O 9. h3 Nb8 10. d4 Nbd7 11. Nbd2 Bb7 12. Bc2
Re8 13. Nf1 Bf8 14. Ng3 g6 15. b3 c6 16. Bg5 Bg7 17. Qd2 Nf8
18. Rad1 Qc7 19. Bh6 Ne6 20. b4 a5 21. Bb3 Bc8 22. a3 axb4
23. axb4 Ra3 24. Rb1 Nf8 25. Nh4 Be6 26. Bxg7 Kxg7 27. Bc2 h6
28. Rf1 Qe7 29. Rbe1 N8d7 30. f4 exf4 31. Rxf4 Ra2 32. d5 cxd5
33. exd5 Rxc2 34. Qxc2 Nxd5 35. Rg4 Kh8 36. Qd2 Kh7 37. Nf3
Ne5 38. Nxe5 dxe5 39. Rxe5 Qc7 40. Rge4 Rd8 41. Ne2 f5
42. Rxe6 fxe4 43. Rxe4 Nxb4 44. Nd4 Nc6 45. Qe3 Rd7 46. Ne6
Rd1+ 47. Kf2 Qf7+ 48. Rf4 Qe7 49. Re4 Qf6+ 50. Rf4 Qe7 51. h4
Rd6 52. Re4 Qf7+ 53. Kg1 Qf6 54. Kh2 Rd5 55. Qb6 Ne5 56. Ng5+
Kg7 57. Ne6+ Kh7 58. Rf4 Qe7 59. Nf8+ Kg7 60. Ne6+ Kh7
61. Nf8+ Kg7 62. h5 Ng4+ 63. Rxg4 Rxh5+ 64. Kg3 Qe1+ 65. Qf2
Qxc3+ 66. Qf3 Qe1+ 67. Qf2 Qxf2+ 68. Kxf2 Rf5+ 69. Ke3 Rxf8
70. Rb4 Rb8 71. g4 Kf6 72. Kf4 Rb6 73. g5+ hxg5+ 74. Kg4 Ke5
0-1